Aerosmith Songs - Sudden Death - Statistics

General Stats
  • This quiz has been taken 192 times
  • The average score is 13 of 20
Answers on the Grid
Answers color-coded by a green-red scale on the quiz's grid according to % correct below.
Start Me Up
Crazy
Mama Kin
Imagine
Dude (Looks Like a Lady)
Back in the Saddle
Amazing
Big Ten Inch Record
King of Rock
Sweet Child O' Mine
Dream On
Uncle Salty
Tiny Dancer
Same Old Song and Dance
Ain't That a Bitch
Kings and Queens
You May Be Right
Pink
Last Child
Here Comes the Sun
Jaded
California Gurls
Walk this Way
Thunderstruck
Janie's Got a Gun
Rag Doll
I'd Do Anything for Love (But I Won't Do That)
What It Takes
Sweet Emotion
I Don't Want to Miss a Thing
 
Answer Stats
Answer % Correct
Dream On
87%
Dude (Looks Like a Lady)
84%
Crazy
82%
I Don't Want to Miss a Thing
82%
Sweet Emotion
82%
Walk this Way
81%
Janie's Got a Gun
79%
Rag Doll
74%
Back in the Saddle
70%
Amazing
66%
Jaded
62%
Mama Kin
61%
Same Old Song and Dance
60%
Pink
58%
What It Takes
56%
Big Ten Inch Record
53%
Ain't That a Bitch
48%
Last Child
48%
Uncle Salty
45%
Kings and Queens
42%
No matching quizzes found
Score Distribution
Percent of People with Each Score
Percentile by Number Answered
Your Score History
You have not taken this quiz